[Event "Rhein Main op-B 18th"]
[Site "Bad Homburg"]
[Date "2015.06.05"]
[Round "4"]
[White "Koestler, Peter"]
[Black "Hapke, Yvonne"]
[Result "1/2-1/2"]
[WhiteElo "1906"]
[BlackElo "1805"]
[PlyCount "34"]
[EventDate "2015.06.03"]
[EventType "swiss"]
[EventRounds "7"]
[EventCountry "GER"]
[SourceTitle "CBM 167 Extra"]
[Source "ChessBase"]
[SourceDate "2015.09.14"]
[SourceVersion "1"]
[SourceVersionDate "2015.09.14"]
[SourceQuality "1"]

1. d4 d5 2. Bf4 Nf6 3. Nf3 Bg4 4. e3 e6 5. c3 Bd6 6. Bg3 0-0 7. Nbd2 c5 8. Qb3 b6 9. dxc5 Bxc5 10. Ne5 Bf5 11. Be2 Nbd7 12. Ndf3 Ne4 13. Bh4 f6 14. Nc6 Qe8 15. Ncd4 Bg4 16. Qc2 Rc8 17. 0-0 Bd6 1/2-1/2

[Event "Merano Gold Cup 34th"]
[Site "Merano"]
[Date "2006.04.29"]
[Round "9"]
[White "Hapke, Yvonne"]
[Black "Perk, Egbert"]
[Result "0-1"]
[WhiteElo "1578"]
[BlackElo "1886"]
[PlyCount "52"]
[EventDate "2006.04.21"]
[EventType "swiss"]
[EventRounds "9"]
[EventCountry "ITA"]
[SourceTitle "EXT 2007"]
[Source "ChessBase"]
[SourceDate "2006.11.23"]
[SourceVersion "1"]
[SourceVersionDate "2006.11.23"]
[SourceQuality "1"]

1. e4 d6 2. d4 Nd7 3. Nf3 c6 4. Bd3 e5 5. dxe5 dxe5 6. Nc3 Ngf6 7. 0-0 Qc7 8. Ne2 Nc5 9. Ng3 Be7 10. Re1 0-0 11. Bg5 Ne6 12. Nf5 Nxg5 13. Nxe7+ Qxe7 14. Nxg5 Bg4 15. Nf3 Rad8 16. h3 Bh5 17. Qe2 Nd7 18. c3 Nc5 19. Bc2 Ne6 20. Rad1 Ng5 21. Qe3 Bxf3 22. gxf3 Nxh3+ 23. Kf1 Nf4 24. Rxd8 Rxd8 25. Rd1 Rxd1+ 26. Bxd1 Qd7 0-1

[Event "Merano Gold Cup 34th"]
[Site "Merano"]
[Date "2006.04.25"]
[Round "5"]
[White "Schweitzer, Paul"]
[Black "Hapke, Yvonne"]
[Result "1-0"]
[WhiteElo "1645"]
[BlackElo "1578"]
[PlyCount "67"]
[EventDate "2006.04.21"]
[EventType "swiss"]
[EventRounds "9"]
[EventCountry "ITA"]
[SourceTitle "EXT 2007"]
[Source "ChessBase"]
[SourceDate "2006.11.23"]
[SourceVersion "1"]
[SourceVersionDate "2006.11.23"]
[SourceQuality "1"]

1. Nf3 d5 2. d4 Bg4 3. Ne5 Bf5 4. c4 e6 5. Nc3 Nf6 6. e3 c6 7. cxd5 cxd5 8. Qa4+ Nbd7 9. Bb5 a6 10. Bxd7+ Nxd7 11. g4 b5 12. Qd1 Bg6 13. h4 f6 14. h5 Nxe5 15. dxe5 Bf7 16. exf6 Qxf6 17. e4 Bc5 18. f4 d4 19. e5 Qd8 20. Ne4 Qd5 21. Qf3 0-0 22. Ng5 Qc4 23. Qe4 g6 24. Nxf7 Kxf7 25. hxg6+ Kg8 26. g7 Bb4+ 27. Bd2 Bxd2+ 28. Kxd2 Qb4+ 29. Kd1 Rf5 30. Qxa8+ Kxg7 31. gxf5 Qc4 32. f6+ Kg6 33. Qe4+ Kf7 34. Qxh7+ 1-0

[Event "Merano Gold Cup 34th"]
[Site "Merano"]
[Date "2006.04.22"]
[Round "2"]
[White "Hapke, Yvonne"]
[Black "Josting, Friedel"]
[Result "1/2-1/2"]
[WhiteElo "1578"]
[BlackElo "1800"]
[PlyCount "60"]
[EventDate "2006.04.21"]
[EventType "swiss"]
[EventRounds "9"]
[EventCountry "ITA"]
[SourceTitle "EXT 2007"]
[Source "ChessBase"]
[SourceDate "2006.11.23"]
[SourceVersion "1"]
[SourceVersionDate "2006.11.23"]
[SourceQuality "1"]

1. e4 c5 2. Nf3 Nc6 3. d4 cxd4 4. Nxd4 e6 5. Nc3 a6 6. Be3 Nf6 7. f3 Qc7 8. Qd2 Bb4 9. a3 Bxc3 10. Qxc3 0-0 11. g4 d5 12. g5 Nd7 13. exd5 exd5 14. 0-0-0 Nde5 15. Bf4 Nd3+ 16. Qxd3 Qxf4+ 17. Qd2 Qxd2+ 18. Rxd2 Re8 19. Kd1 Ne5 20. b3 Bd7 21. Bg2 Ng6 22. h4 Nf4 23. Bf1 Re5 24. Ne2 Rae8 25. Rh2 Bb5 26. a4 Bc6 27. Rd4 Ne6 28. Rd2 d4 29. Rf2 Rd5 30. f4 Red8 1/2-1/2